The City handbook (Record no. 103331)

MARC details
000 -LEADER
fixed length control field 01404cam a2200241 4500
001 - CONTROL NUMBER
control field J125071
008 - FIXED-LENGTH DATA ELEMENTS--GENERAL INFORMATION
fixed length control field 111205n2003 000 0 eng u
035 ## - SYSTEM CONTROL NUMBER
System control number (Sirsi) u125071
041 ## - LANGUAGE CODE
Language code of text/sound track or separate title eng
050 ## - LIBRARY OF CONGRESS CALL NUMBER
Classification number 332.094212
-- 21
110 ## - MAIN ENTRY--CORPORATE NAME
Corporate name or jurisdiction name as entry element Bank of England
9 (RLIN) 2779
245 #4 - TITLE STATEMENT
Title The City handbook
250 ## - EDITION STATEMENT
Edition statement 4th ed.
260 ## - PUBLICATION, DISTRIBUTION, ETC.
Place of publication, distribution, etc. London
Name of publisher, distributor, etc. Bank of England
Date of publication, distribution, etc. 2003
520 ## - SUMMARY, ETC.
Summary, etc. Information on over 150 organisations, mostly based in the City of London but also contains some from elsewhere in the UK and abroad. The main criteria is that they are relevant to the UK's role as a financial centre. This publication is available online only. The organisations are listed in alphabetical order. The entries contain contact details for each organisation, plus a hyperlink to their website if they have one. Also includes a list of the organisations (by title only) broken down according to their function and a list of abbreviations. Now published online as "Key City Contacts" at www.cityoflondon.gov.uk.
650 ## - SUBJECT ADDED ENTRY--TOPICAL TERM
Topical term or geographic name entry element CITY OF LONDON
650 ## - SUBJECT ADDED ENTRY--TOPICAL TERM
Topical term or geographic name entry element FINANCIAL SECTOR
650 ## - SUBJECT ADDED ENTRY--TOPICAL TERM
Topical term or geographic name entry element FINANCIAL COMPANIES
650 ## - SUBJECT ADDED ENTRY--TOPICAL TERM
Topical term or geographic name entry element DIRECTORY
690 ## - LOCAL SUBJECT ADDED ENTRY--TOPICAL TERM (OCLC, RLIN)
Topical term or geographic name as entry element MANAGEMENT-BUSINESS MANAGEMENT-FINANCIAL MANAGEMENT
856 ## - ELECTRONIC LOCATION AND ACCESS
Uniform Resource Identifier <a href="https://www.cityoflondon.gov.uk/Corporation/LGNL_Services/Business/Business_support_and_advice/Key_City_contacts/">https://www.cityoflondon.gov.uk/Corporation/LGNL_Services/Business/Business_support_and_advice/Key_City_contacts/</a>
Public note View "Key City Contacts" free of charge at www.cityoflondon.gov.uk
942 ## - ADDED ENTRY ELEMENTS (KOHA)
Suppress in OPAC 0
Holdings
Withdrawn status Lost status Source of classification or shelving scheme Damaged status Not for loan Home library Current library Shelving location Date acquired Total Checkouts Full call number Barcode Date last seen Copy number Price effective from Koha item type
    Dewey Decimal Classification     Virtual Virtual Online 05/02/2004   ONLINE PUBLICATION 125071-2001 06/08/2019 1 06/08/2019 Book